BIBLIOTECA

SENCICO

Teoría y problemas de geometría plana y del espacio / (Registro nro. 90)

Detalles MARC
000 -LEADER
fixed length control field 00859nam a2200205Ia 4500
003 - CONTROL NUMBER IDENTIFIER
control field PE SENCICO BE
005 - DATE AND TIME OF LATEST TRANSACTION
control field 20251020182425.0
008 - FIXED-LENGTH DATA ELEMENTS--GENERAL INFORMATION
fixed length control field 200515s9999 xx 000 0 und d
040 ## - CATALOGING SOURCE
Original cataloging agency PE SENCICO BE
Transcribing agency PE SENCICO BE
041 ## - LANGUAGE CODE
Language code of text/sound track or separate title spa
082 ## - DEWEY DECIMAL CLASSIFICATION NUMBER
Classification number 516.22
Item number G26
100 1# - MAIN ENTRY--PERSONAL NAME
Personal name García Roca, Abraham
9 (RLIN) 2101
Relator term autor
245 10 - TITLE STATEMENT
Title Teoría y problemas de geometría plana y del espacio /
Statement of responsibility, etc. Abraham García Roca
260 ## - PUBLICATION, DISTRIBUTION, ETC.
Place of publication, distribution, etc. Lima :
Name of publisher, distributor, etc. San Marcos ;
Date of publication, distribution, etc. sin año
300 ## - PHYSICAL DESCRIPTION
Extent 128 p. :
Other physical details diagrs. ;
Dimensions 20 cm.
505 0# - FORMATTED CONTENTS NOTE
Formatted contents note Triángulos -- Polígonos en general -- Circunferencia y círculo -- Semejanza de polígonos -- Relaciones métricas en los polígonos -- Polígonos regulares -- Área de las figuras planas -- Rectas y planos en el espacio -- Poliedros -- Cuerpos redondos
650 10 - SUBJECT ADDED ENTRY--TOPICAL TERM
Topical term or geographic name entry element Geometría plana
9 (RLIN) 1020
650 20 - SUBJECT ADDED ENTRY--TOPICAL TERM
Topical term or geographic name entry element Poliedros
9 (RLIN) 2102
942 ## - ADDED ENTRY ELEMENTS (KOHA)
Koha item type Libros
Source of classification or shelving scheme Dewey Decimal Classification
Existencias
Fecha de la última vez que lo usaron Número de ingreso o de inventario Pago total Signatura topográfica completa Código de barras Precio efectivo desde Tipo de documento Estado perdido Sistema de clasificación Estado dañado No es para préstamo Retirado Ubicación permanente Ubicación actual Fecha de adquisición
15/05/2020 12458   516.22/G26 BibLima24040035 15/05/2020 Libros   Dewey Decimal Classification       Biblioteca Central Lima Biblioteca Central Lima 15/05/2020
15/05/2020 12451   516.22/G26/ej. 2 BibLima24040036 15/05/2020 Libros   Dewey Decimal Classification       Biblioteca Central Lima Biblioteca Central Lima 15/05/2020